Internationalisation du distributeur : De l’avantage compétitif à la performance (notice n° 1587974)
[ vue normale ]
| 000 -LEADER | |
|---|---|
| fixed length control field | 01809cam a2200181 4500500 |
| 005 - DATE AND TIME OF LATEST TRANSACTION | |
| control field | 20251228061935.0 |
| 041 ## - LANGUAGE CODE | |
| Language code of text/sound track or separate title | fre |
| 042 ## - AUTHENTICATION CODE | |
| Authentication code | dc |
| 100 10 - MAIN ENTRY--PERSONAL NAME | |
| Personal name | Dupuis, Marc |
| Relator term | author |
| 245 00 - TITLE STATEMENT | |
| Title | Internationalisation du distributeur : De l’avantage compétitif à la performance |
| 260 ## - PUBLICATION, DISTRIBUTION, ETC. | |
| Date of publication, distribution, etc. | 2005.<br/> |
| 500 ## - GENERAL NOTE | |
| General note | 2 |
| 520 ## - SUMMARY, ETC. | |
| Summary, etc. | L’internationalisation des entreprises de distribution connaît un mouvement d’accélération au point de porter la compétition entre leaders à une échelle mondiale. Si des analyses antérieures ont décrit et conceptualisé ce phénomène, peu de travaux se sont intéressés au lien entre avantages compétitifs, décisions stratégiques et performances du distributeur à l’international. Après une revue de la littérature, les auteurs présentent un cadre d’analyse théorique dans une seconde partie. Enfin, sept propositions pouvant servir de pistes de recherches ultérieures pour les chercheurs et de thèmes de réflexion pour les praticiens sont présentées dans une troisième partie. |
| 520 ## - SUMMARY, ETC. | |
| Summary, etc. | Retail internationalization is accelerating ; the competition has become global. Although the retailing literature has described and conceptualized this phenomenon, the research linking retailers’ international decisions and their performance remains scarce. After a short literature review focused on competitive advantage, the authors present a framework of analysis and seven propositions linking competitive advantages, strategic decisions and performances for further researches and their managerial implications. |
| 700 10 - ADDED ENTRY--PERSONAL NAME | |
| Personal name | Fournioux, Jean |
| Relator term | author |
| 786 0# - DATA SOURCE ENTRY | |
| Note | Décisions Marketing | 37 | 1 | 2005-01-01 | p. 45-56 | 0779-7389 |
| 856 41 - ELECTRONIC LOCATION AND ACCESS | |
| Uniform Resource Identifier | <a href="https://shs.cairn.info/revue-decisions-marketing-2005-1-page-45?lang=fr&redirect-ssocas=7080">https://shs.cairn.info/revue-decisions-marketing-2005-1-page-45?lang=fr&redirect-ssocas=7080</a> |
Pas d'exemplaire disponible.




Réseaux sociaux